000 00327nam a22001337a 4500
008 180130b xxu||||| |||| 00| 0 eng d
020 _a9628077422
041 _aeng
080 _a62
100 _a27
101 _aeng
245 _aproccedings of xviii international biomechanics in sports
_cdavid.p.j
942 _2udc
_cBK
999 _c41277
_d41277